Online
Catalog
Normal view MARC view

Entry Nombre personal

Number of records used in: 23

001 - NÚMERO DE CONTROL

  • campo de control: 19504

003 - IDENTIFICADOR DEL NÚMERO DE CONTROL

  • campo de control: BNPHU

005 - FECHA Y HORA DE LA ÚLTIMA TRANSACCIÓN

  • campo de control: 20240226130803.0

008 - DATOS DE LONGITUD FIJA

  • campo de control de longitud fija: 200615|| aca||aabn | a|a d

040 ## - FUENTE DE LA CATALOGACIÓN

  • Centro catalogador/agencia de origen: DO-SdBNP
  • Lengua de catalogación: spa
  • Centro/agencia transcriptor: BNPHU
  • Normas de descripción: rda

100 1# - ENCABEZAMIENTO-NOMBRE DE PERSONA

  • Nombre de persona: Vicioso, Sherezada,
  • Fechas asociadas al nombre: 1948-

370 ## - LUGAR ASOCIADO

  • Lugar de nacimiento: Santo Domingo (República Dominicana)

373 ## - GRUPO ASOCIADO

  • Grupo asociado: Naciones Unidas

374 ## - OCUPACIÓN

  • Ocupación: Poeta
  • Ocupación: Ensayista
  • Ocupación: Dramaturga

375 ## - GÉNERO/SEXO

  • Género/Sexo: Femenino

377 ## - LENGUA/LENGUAJE ASOCIADO

  • Código del idioma: spa

378 ## - FORMA COMPLETA/DESARROLLADA DEL NOMBRE

  • Forma completa/desarrollada del nombre: Sherezada Chiqui

400 1# - TRAZADO DE VÉASE--NOMBRE DE PERSONA

  • Nombre de persona: Chiqui Vicioso, Sherezada
  • Fechas asociadas al nombre: 1948-

400 1# - TRAZADO DE VÉASE--NOMBRE DE PERSONA

  • Nombre de persona: Vicioso, Chiqui,
  • Fechas asociadas al nombre: 1948-

400 1# - TRAZADO DE VÉASE--NOMBRE DE PERSONA

  • Nombre de persona: Vicioso, Cherezada,
  • Fechas asociadas al nombre: 1948-

670 ## - FUENTE DE DATOS ENCONTRADOS

  • Cita de la fuente: Vicioso, Chiqui, 1948-, Algo que decir :, 1998.

670 ## - FUENTE DE DATOS ENCONTRADOS

  • Cita de la fuente: Julia de Burgos, 1987

670 ## - FUENTE DE DATOS ENCONTRADOS

  • Cita de la fuente: Julia de Burgos, 2004

670 ## - FUENTE DE DATOS ENCONTRADOS

  • Cita de la fuente: El teatro dominicano, 2005

Powered by Koha